000 00568nam a2200181Ia 4500
003 GCL
008 140319s9999 xx 000 0 ara d
040 _aGCL /
_cGCL
082 0 4 _a812.008
_bا ع
100 1 _aاحمد ابراهيم الفقيه
245 1 0 _aغناء النجوم: المسرحيات /
_cاحمد ابراهيم الفقيه
300 _a77 ص
490 _aالاعمال الكاملة
_v0
650 0 4 _aالادب العربى
650 0 4 _aالمسرحيات العربية
650 0 4 _aالمسرحيات - ليبيا
942 _2ddc
_cBK
999 _c49723
_d49723